UBT Library

Professionalism in Health Care (Record no. 54923)

000 -LEADER
fixed length control field 00345nam a22001577a 4500
005 - DATE AND TIME OF LATEST TRANSACTION
control field 20190925113048.0
008 - FIXED-LENGTH DATA ELEMENTS--GENERAL INFORMATION
fixed length control field 190925b ||||| |||| 00| 0 eng d
020 ## - INTERNATIONAL STANDARD BOOK NUMBER
International Standard Book Number 9780135153871
041 ## - LANGUAGE CODE
Language code of text/sound track or separate title eng
080 ## - UNIVERSAL DECIMAL CLASSIFICATION NUMBER
Universal Decimal Classification number 61
082 ## - DEWEY DECIMAL CLASSIFICATION NUMBER
Edition number 61
100 ## - Rafti
Rafti 3
101 ## - Shkurtesa
Shkurtesa SHM
245 ## - TITLE STATEMENT
Title Professionalism in Health Care
Statement of responsibility, etc Makely,Sh
942 ## - ADDED ENTRY ELEMENTS (KOHA)
Source of classification or shelving scheme
Item type Books
Holdings
Withdrawn status Lost status Source of classification or shelving scheme Damaged status Not for loan Collection code Permanent location Current location Shelving location Date acquired Total Checkouts Full call number Barcode Date last seen Price effective from Koha item type
          Koleksioni i përgjithshem UBT - Peja UBT - Peja Koleksioni i përgjithshem 09/25/2019   61 mak 002-3020199 09/25/2019 09/25/2019 Books
          Koleksioni i përgjithshem UBT - Peja UBT - Peja Koleksioni i përgjithshem 09/25/2019   61 mak 002-3020194 09/25/2019 09/25/2019 Books
          Koleksioni i përgjithshem UBT - Peja UBT - Peja Koleksioni i përgjithshem 09/25/2019   61 mak 002-3021161 09/25/2019 09/25/2019 Books
          Koleksioni i përgjithshem UBT - Peja UBT - Peja Koleksioni i përgjithshem 09/25/2019   61 mak 002-3021162 09/25/2019 09/25/2019 Books
          Koleksioni i përgjithshem UBT - Peja UBT - Peja Koleksioni i përgjithshem 09/25/2019   61 mak 002-3021167 09/25/2019 09/25/2019 Books
UBT Library © 2015-2024. All rights reserved University Education for Business and Technology